000 00237nam a22000977a 4500
082 _a629.224 TRU'C
245 _aTRUCK 4X4 1.25 TON 100 HORSE POWER UNIMOG MODEL 416
260 _aQUETTA
_bEME COLLEGE
_c1985
300 _a105P
942 _cBK
999 _c581826
_d581826